Leader xxxxxxxxxx
001 __ PCLIS00056186
005 __ 20221118085608.0
010 0_ |a978-957-33-3926-7|b平裝|dNT$399
100 __ |a20221028d2022 m y0chiy09 e
101 0_ |achi
102 __ |atw
105 __ |aa z 000cy
200 1_ |a生活是無以名狀的碎片|f不朽作
205 __ |a初版
210 __ |a臺北市|c皇冠文化|d2022.08[民111]
215 0_ |a383面|c圖|d19公分
225 1_ |a皇冠叢書|v第5041種
225 2_ |a不朽作品集|v2
300 __ |a封面英文題名: Silhouetted fragments
306 __ |a2022年八刷
410 _1 |12001 |a不朽作品集|v2
517 1_ |aSilhouetted fragments|zeng
606 __ |2cst|a散文
681 __ |a855|b835
700 _0 |a不朽|4作
801 _0 |atw|b內湖高中|c20221028|gCCR
|